| 000 | 00880nam a22002897a 4500 | ||
|---|---|---|---|
| 003 | CHAP | ||
| 005 | 20220329140343.0 | ||
| 008 | 971013s1970 r 00010 d | ||
| 010 | _a50840 | ||
| 011 | _a51812 | ||
| 035 | _a55962 | ||
| 040 | _cCHAP | ||
| 082 |
_a664.1 _bP5 |
||
| 100 | 0 | 0 |
_aPlews, R. W. _989178 |
| 245 | _aAnalytical methods used in sugar refining | ||
| 260 |
_aAmsterdan : _bElsevier, _c1970 |
||
| 300 |
_a234 p. _b: ilus. |
||
| 590 |
_aBATCH-UPD _b10 _c20130110 _lUCH01 _h0045 |
||
| 590 |
_aBATCH-UPD _b10 _c20130110 _lUCH01 _h0533 |
||
| 590 |
_aBATCH-UPD _b10 _c20130409 _lUCH01 _h2031 |
||
| 590 |
_aBATCH-UPD _b10 _c20130914 _lUCH01 _h0510 |
||
| 590 |
_aCONVERSION _b10 _c20130109 _lUCH01 _h1328 |
||
| 650 | 1 | 4 |
_aAzúcar _xFabricación y refinación. _99152 |
| 901 | _aBK | ||
| 942 | _cLIBRO | ||
| 949 |
_a664.1 P5 _bBC _cLIBRO _d33724000115986 _eLIBRO _h52035 _i55962 _si |
||
| 999 |
_c50840 _d50840 |
||